000 00337nam a2200133Ia 4500
008 191206s9999 xx 000 0 und d
020 _a521383439
090 _aGB401.5B754
245 0 _aWorld geomorphology
260 _aCambridge University Press
260 _cc1990
300 _a"x, 260 p. : ill. ; 26 cm."
999 _c17318
_d17318